Largest City Propers in Oceania - Statistics

General Stats
  • This quiz has been taken 14 times
  • The average score is 4 of 20
Answer Stats
Population Country City Proper % Correct
1,614,300 New Zealand Auckland
100%
375,000 New Zealand Christchurch
85%
364,145 Papua New Guinea Port Moresby
85%
1,162,186 Australia Brisbane
46%
555,608 Australia Gold Coast
15%
339,328 Australia Blacktown
8%
354,948 Australia Canterbury-Bankstown
8%
292,211 Australia Casey
8%
219,312 Australia Cumberland
8%
308,681 Australia Logan
8%
425,482 Australia Moreton Bay
8%
230,167 Australia Parramatta
8%
227,566 Australia Stirling
8%
287,539 Australia Sunshine Coast
8%
226,220 Australia Sutherland
8%
209,847 Australia Wyndham
8%
333,119 Australia Central Coast
0%
229,420 Australia Greater Geelong
0%
266,247 Australia Northern Beaches
0%
208,875 Australia Wollongong
0%
No matching quizzes found
Score Distribution
Percent of People with Each Score
Percentile by Number Answered
Your Score History
You have not taken this quiz